000 00360nam a2200121Ia 4500
008 220214s9999 xx 000 0 und d
245 0 _aUPAM Annual Report, Malaysia
260 _bUnited Planting Association of Malaysia, Kuala Lumpur
_aMalaysia
310 _aA
500 _aEnding Volume & Year: 1983,
500 _aStarting Volume & Year: 1965,
942 _cBJ
999 _c4792
_d4792